Logo BPK

Biblioteka

Politechniki Koszalińskiej

Macierze w automatyce i elektrotechnice / (Rekord nr 1960)

Szczegóły MARC
000 -ETYKIETA REKORDU
podpole kontrolne o stałej długości 00330nam a2200133 i 4500
001 - NUMER KONTROLNY REKORDU
pole kontrolne bg
040 ## - ŹRÓDŁO KATALOGOWANIA
Instytucja, która utworzyła rekord BPK
041 ## - KOD JĘZYKA
Kod języka tekstu pol
008 - POLE O STAŁEJ DŁUGOŚCI - DANE KONTROLNE
podpole kontrolne o stałej długości 940505s1984 pl f |000 0 pol
100 1# - NAZWA OSOBOWA
Nazwa osobowa Kaczorek, Tadeusz
Daty związane z nazwą (1932- ).
245 #0 - TYTUŁ/ODPOWIEDZIALNOŚĆ
Tytuł Macierze w automatyce i elektrotechnice /
Pozostałe elementy strefy tytułu i oznaczenia odpowiedzialności T. Kaczorek.
260 ## - STREFA ADRESU WYDAWNICZEGO
Miejsce wydania Warszawa,
Data publikacji, dystrybucji/powstania dokumentu 1984.
856 ## - LOKALIZACJA I DOSTĘP DO ELEKTRONICZNYCH DOKUMENTÓW ZDALNYCH
Link (URL) http://koha.tu.koszalin.pl/cgi-bin/koha/opac-detail.pl?biblionumber=1960
Tekst linku Katalog online BPK
942 ## - DODATKOWE ELEMENTY (KOHA)
Typ dokumentu Książka
Egzemplarze
Wycofany Status egzemplarza Uszkodzony Dostępność Lokalizacja stała Lokalizacja bieżąca Miejsce przechowywania Sygnatura Kod kreskowy Typ dokumentu Ostatnio wypożyczono
      Dostępny Biblioteka Politechniki Koszalińskiej Biblioteka Politechniki Koszalińskiej Wypożyczalnia BG P 32738 01623895 Książka  
      Dostępny Biblioteka Politechniki Koszalińskiej Biblioteka Politechniki Koszalińskiej Wypożyczalnia BG P 32739 01886498 Książka 08.10.2016
      Dostępny Biblioteka Politechniki Koszalińskiej Biblioteka Politechniki Koszalińskiej Wypożyczalnia BG P 34046 01177411 Książka  
© 2023 Biblioteka Politechniki Koszalińskiej :: KOHA